000 00857nam a2200253Ia 4500
003 OSt
005 20221005112242.0
006 a|||||r|||| 00| 0
007 ta
008 221004b |||||||| |||| 00| 0 pan d
020 _a8171433440 (hbk)
_c100
024 _a104558
037 _b505, 02/02/2011, H.K. Prakashan
_cTextual
040 _aCRL
_cCRL
_bpan
041 _2pan
_apan
082 _aO153,2N18:g, P3
100 _aਹਰਪ੍ਰੀਤ
245 0 _aਬਲਵੰਤ ਗਾਰਗੀ ਦੀ ਨਾਟ ਸੰਵੇਦਨਾ
260 _aਅੰਮ੍ਰਿਤਸਰ
_bਰਵੀ ਸਾਹਿਤ ਭਾਰਤ
_c2003
300 _a88ਪੰ
_ccm.
650 _aਪੰਜਾਬੀ ਸਾਹਿਤ
942 _hO153,2N18:g, P3
_cTEXL
_2cc
999 _c1024329
_d1024329